01783nam a2200385 i 4500003000900000005001700009007000300026008004100029020001800070040003000088082001800118100005700136245011900193264007100312300002600383336002700409337003300436338002800469490000900497500007000506500006100576586009200637590002700729650002400756650002600780700003800806700004000844700004800884910001400932942001400946952013600960952014201096952014201238999001701380DO-SdBNP20250403150418.0ta250402t2024 dr 000 pdspa d z9789945500110 aDO-SdBNPbspacBNPHUerda axxxbA3472221 aAlcántara Sánchez, Eli Bryaneautor4aut.98733213aLa mochila /cEli Bryan Alcántara Sánchez : jurado, Alma Betances, Rubén Lamarche, Reyvin Jáquez Grullón aSanto Domingo :bEditora Nacional,bMinisterio de Cultura, c2024. a143 páginasc21 cm. atextobtxt2rdacontent asin mediaciónbn2rdamedia avolumenbnc2rdacarrier1 aCine aIncluye datos biográficos del autor en la solapa de la portada. aLa biblioteca posee la reimpresión de septiembre 2024. aPremio Joven de Guión de Cine Jorge Luis Borges. Feria Internacional del Libro, 2021. aInventariado, 2025/ YL 7aPoesía Dominicana 7aLiteratura Dominicana1 aBetances, Alma e jurado 9873331 aLamarche, Rubén e jurado9343591 aJáquez Grullón, Reyvin e jurado987334 aYLockward 2ddccLBS1 00102ddc51708PDaBNPHUbBNPHUcCTd2024-10-11eDepósito Legal l0oBNPHU PD xxx A347p2025-2599r2025-04-03w2025-04-03yLBS1 00102ddc51708PDaBNPHUbBNPHUcCTd2024-10-11eDepósito Legal l0oBNPHU PD xxx A347p2025-2600r2025-04-03te. 2w2025-04-03yLBS1 00102ddc56708DSaBNPHUbBNPHUcCTd2024-10-11eDepósito Legal l0oBNPHU DS xxx A347p2025-2601r2025-04-03te. 3w2025-04-03yLBS1 c58610d58610